| Tag |
First Indicator |
Second Indicator |
Subfields |
| LEADER |
00000cam a2200000 a 4500 |
| 001 |
in00001081521 |
| 005 |
20150929162457.0 |
| 008 |
811212s1981 caua b 000 0 eng |
| 010 |
|
|
|a 81187656
|
| 035 |
|
|
|a (OCoLC)07942771
|
| 035 |
|
|
|9 AFR0115AM
|
| 040 |
|
|
|a DLC
|c DLC
|d m/c
|d TXA
|d UtOrBLW
|
| 043 |
|
|
|a n-us---
|
| 049 |
|
|
|a TXAM
|
| 050 |
0 |
0 |
|a LC3731
|b .C3425
|
| 082 |
0 |
|
|a 371.97/0973
|2 19
|
| 100 |
1 |
|
|a Carpenter-Huffman, P.
|
| 245 |
1 |
0 |
|a Case studies of delivery and cost of bilingual education /
|c Polly Carpenter-Huffman and Marta Samulon ; prepared for the U.S. Department of Education.
|
| 264 |
|
1 |
|a Santa Monica, Ca :
|b Rand,
|c [1981]
|
| 300 |
|
|
|a xv, 102 pages :
|b illustrations ;
|c 28 cm.
|
| 336 |
|
|
|a text
|b txt
|2 rdacontent
|
| 337 |
|
|
|a unmediated
|b n
|2 rdamedia
|
| 338 |
|
|
|a volume
|b nc
|2 rdacarrier
|
| 490 |
1 |
|
|a A Rand note ;
|v N-1684-ED
|
| 500 |
|
|
|a "April 1981."
|
| 504 |
|
|
|a Bibliography: page 75.
|
| 650 |
|
0 |
|a Education, Bilingual
|z United States
|x Costs
|x Case studies.
|
| 700 |
1 |
|
|a Samulon, Marta.
|
| 710 |
1 |
|
|a United States.
|b Department of Education.
|
| 710 |
2 |
|
|a Rand Corporation.
|
| 830 |
|
0 |
|a Rand note ;
|v N-1684-ED.
|
| 999 |
|
|
|a MARS
|
| 999 |
f |
f |
|s cb5ab0b0-e631-33e1-8036-c275b4193a9a
|i 8a5fdbb4-d88d-3419-8b14-3d5a8d4c1c5f
|t 0
|
| 952 |
f |
f |
|p normal
|a Texas A&M University
|b College Station
|c Sterling C. Evans Library
|d Evans: Library Stacks
|t 0
|e LC3731 .C3425
|h Library of Congress classification
|i unmediated -- volume
|m A14816228906
|
| 998 |
f |
f |
|a LC3731 .C3425
|t 0
|l Evans: Library Stacks
|